000 01237cab a2200337 4500
001 ABS51091
008 090401t1994 xxu||||| |||| 00| 0 eng d
035 _a(Sirsi) u9416
041 _aeng
100 _aBaker, R.
245 _aMapping out a strategy
260 _c1994
350 _a0
490 _aHousing
_v30(6) July/August 1994, 36-37(2)
520 _aProvides useful guidance on how planning authorities can use the planning system to provide more social housing. Suggests an approach social housing provision, and considers factors such as local housing strategies, the housing investment programme bid, planning policy guidance note 3 other relevant guidance notes, housing needs surveys and planning agreements.
650 _aJOSEPH ROWNTREE FOUNDATION
650 _aNFHA 1992 ANNUAL CONFERENCE
650 _aNFHA
650 _aPLANNING AND COMPENSATION ACT 1991
650 _aPPG12
650 _aPPG3
650 _aPROPERTY RESEARCH UNIT CAMBRIDGE
650 _aTOWN AND COUNTRY PLANNING ACT 1990
650 _aUNIVERSITY OF BRISTOL
650 _aUNIVERSITY OF NEWCASTLE
690 _aHOUSING
690 _aPLANNING LAW AND PRACTICE
700 _aKilsby, R.
942 _n0
948 _c04/03/1997
999 _c5877
_d5877